02023nam a2200265 a 4500008004100000020001800041050001700059100001800076245006500094260003800159300003500197350001000232700001800242995015700260995015700417995015700574995015700731995015700888999001701045952013601062952013601198952013601334952013601470952015101606190822s1989 ||||||||||||||||| || u a9780471612438 aTJ 211.4 Spo aSpong, Mark W10aRobot dynamics and controlcBy Mark W. Spong ; M. Vidyasagar aNew YorkbJohn Wiley & Sonsc1989 axvi, 336 pages : illustrations a30.34 aVidyasagar, M aMAIN LIBRARY OPEN ACCESSe749710FCBU-MAIN LIBRARY (Kitwe)I30.34jTJ 211.4 SpoM2UAVAILABLEWAug 22, 2019y749710ZMain Library Open Access Collection aMAIN LIBRARY OPEN ACCESSe749857FCBU-MAIN LIBRARY (Kitwe)I30.34jTJ 211.4 SpoM5UAVAILABLEWAug 23, 2019y749857ZMain Library Open Access Collection aMAIN LIBRARY OPEN ACCESSe749856FCBU-MAIN LIBRARY (Kitwe)I30.34jTJ 211.4 SpoM4UAVAILABLEWAug 22, 2019y749856ZMain Library Open Access Collection aMAIN LIBRARY OPEN ACCESSe749711FCBU-MAIN LIBRARY (Kitwe)I30.34jTJ 211.4 SpoM1UAVAILABLEWAug 22, 2019y749711ZMain Library Open Access Collection aMAIN LIBRARY OPEN ACCESSe749830FCBU-MAIN LIBRARY (Kitwe)I30.34jTJ 211.4 SpoM3UAVAILABLEWAug 22, 2019y749830ZMain Library Open Access Collection c80238d80238 00102lcc4070a001b001cMain Library Open Access Collectiond2023-06-29l0oTJ 211.4 Spop749710r2023-06-29t1w2023-06-29y002 00102lcc4070a001b001cMain Library Open Access Collectiond2023-06-29l0oTJ 211.4 Spop749857r2023-06-29t2w2023-06-29y002 00102lcc4070a001b001cMain Library Open Access Collectiond2023-06-29l0oTJ 211.4 Spop749856r2023-06-29t3w2023-06-29y002 00102lcc4070a001b001cMain Library Open Access Collectiond2023-06-29l0oTJ 211.4 Spop749711r2023-06-29t4w2023-06-29y002 00102lcc4070a001b001cMain Library Open Access Collectiond2023-06-29l2m1oTJ 211.4 Spop749830r2024-09-13s2024-07-15t5w2023-06-29y002